Pokémon - Attacken von Mewtu in KA/PU - Statistiken

Allgemein
  • Dieses Quiz wurde 5 mal gespielt
  • Das Durchschnittsergebnis liegt bei 40 aus 102
Antwortstatistiken
Antwort % Korrekt
Donner
100%
Konfusion
100%
Psychokinese
100%
Aurasphäre
80%
Blizzard
80%
Eishieb
80%
Eisstrahl
80%
Erdbeben
80%
Feuerschlag
80%
Feuersturm
80%
Lichtschild
80%
Psystrahl
80%
Seher
80%
Donnerblitz
60%
Donnerschlag
60%
Donnerwelle
60%
Erholung
60%
Finsteraura
60%
Flammenwurf
60%
Hyperstrahl
60%
Reflektor
60%
Schutzschild
60%
Agilität
40%
Antik-Kraft
40%
Begrenzer
40%
Bodyguard
40%
Dampfwalze
40%
Durchbruch
40%
Eissturm
40%
Erdkräfte
40%
Felsgrab
40%
Fluch
40%
Fokusstoß
40%
Fußkick
40%
Gedankengut
40%
Genesung
40%
Gifthieb
40%
Gigastoß
40%
Grimasse
40%
Irrlicht
40%
Juwelenkraft
40%
Konfusstrahl
40%
Lawine
40%
Metronom
40%
Nachtnebel
40%
Orkan
40%
Power-Punch
40%
Psychoklinge
40%
Psychoschock
40%
Psychostoß
40%
Regentanz
40%
Risikotackle
40%
Sandsturm
40%
Schlafrede
40%
Solarstrahl
40%
Sonnentag
40%
Spukball
40%
Steinhagel
40%
Steinkante
40%
Sternschauer
40%
Tera-Ausbruch
40%
Ableithieb
20%
Abschlag
20%
Amnesie
20%
Ausdauer
20%
Aussetzer
20%
Bizarroraum
20%
Bodycheck
20%
Bodyslam
20%
Bürde
20%
Delegator
20%
Elektroball
20%
Energieball
20%
Erdanziehung
20%
Fähigkeitstausch
20%
Fassade
20%
Flächenmacht
20%
Fruststampfer
20%
Frustventil
20%
Fußtritt
20%
Gegenschlag
20%
Groll
20%
Kalte Dusche
20%
Krafttausch
20%
Kraftvorrat
20%
Lebenstropfen
20%
Meteorologe
20%
Protzer
20%
Psychofeld
20%
Psycholärm
20%
Psycho-Plus
20%
Ränkeschmied
20%
Rechte Hand
20%
Schleuder
20%
Schmarotzer
20%
Schutztausch
20%
Strauchler
20%
Trickbetrug
20%
Verhöhner
20%
Wegbereiter
20%
Weißnebel
20%
Zen-Kopfstoß
20%
Keine übereinstimmenden Quizze gefunden
Verteilung der Resultate
Anzahl Personen mit jedem Resultat
Perzentil nach korrekt beantworteten Fragen
Ihre Resultats-Entwicklung
Sie haben dieses Quiz noch nicht gespielt